| 000 -LEADER |
| fixed length control field |
01556cam a22002894a 4500 |
| 001 - CONTROL NUMBER |
| control field |
12120951 |
| 005 - DATE AND TIME OF LATEST TRANSACTION |
| control field |
20160711152531.0 |
| 008 - FIXED-LENGTH DATA ELEMENTS--GENERAL INFORMATION |
| fixed length control field |
000727s2000 vaua b 001 0 eng |
| 010 ## - LIBRARY OF CONGRESS CONTROL NUMBER |
| LC control number |
00010673 |
| 020 ## - INTERNATIONAL STANDARD BOOK NUMBER |
| International Standard Book Number |
0871203855 (alk. paper) |
| 040 ## - CATALOGING SOURCE |
| Original cataloging agency |
DLC |
| Transcribing agency |
DLC |
| Modifying agency |
DLC |
| 042 ## - AUTHENTICATION CODE |
| Authentication code |
pcc |
| 050 00 - LIBRARY OF CONGRESS CALL NUMBER |
| Classification number |
LB1025.3 |
| Item number |
.M3374 2000 |
| 082 00 - DEWEY DECIMAL CLASSIFICATION NUMBER |
| Classification number |
371.102 |
| Edition number |
21 |
| 100 1# - MAIN ENTRY--PERSONAL NAME |
| Personal name |
Martin-Kniep, Giselle O., |
| Dates associated with a name |
1956- |
| 245 10 - TITLE STATEMENT |
| Title |
Becoming a better teacher : |
| Remainder of title |
eight innovations that work / |
| Statement of responsibility, etc. |
Giselle O. Martin-Kniep. |
| 260 ## - PUBLICATION, DISTRIBUTION, ETC. (IMPRINT) |
| Place of publication, distribution, etc. |
Alexandria, Va. : |
| Name of publisher, distributor, etc. |
Association for Supervision and Curriculum Development, |
| Date of publication, distribution, etc. |
c2000. |
| 300 ## - PHYSICAL DESCRIPTION |
| Extent |
x, 145 p. : |
| Other physical details |
ill. ; |
| Dimensions |
25 cm. |
| 504 ## - BIBLIOGRAPHY, ETC. NOTE |
| Bibliography, etc |
Includes bibliographical references (p. 140-141) and index. |
| 505 0# - FORMATTED CONTENTS NOTE |
| Formatted contents note |
The power of essential questions -- Curriculum integration as a tool for coherence -- Standards-based curriculum and assessment design -- Authentic assessment -- Using scoring rubrics to support learning -- Portfolios : a window into students' thinking and learning -- Reflection : a key to developing greater self-understanding -- Action research : asking and answering questions about practice / by Diane Cunningham -- Embracing it all. |
| 650 #0 - SUBJECT ADDED ENTRY--TOPICAL TERM |
| Topical term or geographic name as entry element |
Effective teaching. |
| 650 #0 - SUBJECT ADDED ENTRY--TOPICAL TERM |
| Topical term or geographic name as entry element |
Curriculum planning. |
| 650 #0 - SUBJECT ADDED ENTRY--TOPICAL TERM |
| Topical term or geographic name as entry element |
Educational tests and measurements. |
| 906 ## - LOCAL DATA ELEMENT F, LDF (RLIN) |
| a |
7 |
| b |
cbc |
| c |
orignew |
| d |
1 |
| e |
ecip |
| f |
20 |
| g |
y-gencatlg |
| 942 ## - ADDED ENTRY ELEMENTS (KOHA) |
| Source of classification or shelving scheme |
|
| Koha item type |
Hard Covered Materials |
| Classification part |
LB 1025.3 .M3374 2000 |